[Event "Vaujany op-A 8th"]
[Site "Vaujany"]
[Date "2017.07.20"]
[Round "8"]
[White "Collas, Didier"]
[Black "Loiseau, Quentin"]
[Result "0-1"]
[WhiteElo "2376"]
[BlackElo "2424"]
[PlyCount "70"]
[EventDate "2017.07.13"]
[EventType "swiss"]
[EventRounds "9"]
[EventCountry "FRA"]
[SourceTitle "EXT 2018"]
[Source "ChessBase"]
[SourceDate "2017.10.13"]
[SourceVersion "1"]
[SourceVersionDate "2017.10.13"]
[SourceQuality "1"]

1. e4 c5 2. Nf3 e6 3. g3 a6 4. Bg2 b5 5. 0-0 Bb7 6. Qe2 Ne7 7. b3 Nbc6 8. Bb2 d5 9. exd5 Qxd5 10. c4 bxc4 11. bxc4 Qd7 12. Nc3 Nf5 13. Nd5 Rd8 14. Rfd1 Be7 15. Nxe7 Qxe7 16. Rab1 0-0 17. Bc3 Ba8 18. Rb6 Qa7 19. Rb3 Ncd4 20. Bxd4 Bxf3 21. Qxf3 Nxd4 22. Qb7 Qxb7 23. Rxb7 Ne2+ 24. Kf1 Nc3 25. Ra1 Rxd2 26. Rc7 Rb8 27. Bf3 g6 28. Kg2 Rbb2 29. Rf1 e5 30. Ba8 Nd1 31. Kf3 f5 32. Bd5+ Kh8 33. Rxd1 Rxd1 34. Rxc5 Rd3+ 35. Kg2 Rdd2 0-1

[Event "Vaujany op-A 8th"]
[Site "Vaujany"]
[Date "2017.07.17"]
[Round "5.3"]
[White "Horvath, Jozsef"]
[Black "Collas, Didier"]
[Result "1/2-1/2"]
[WhiteElo "2541"]
[BlackElo "2376"]
[PlyCount "101"]
[EventDate "2017.07.13"]
[EventType "swiss"]
[EventRounds "9"]
[EventCountry "FRA"]
[SourceTitle "EXT 2020"]
[Source "ChessBase"]
[SourceDate "2019.10.17"]
[SourceVersion "1"]
[SourceVersionDate "2019.10.17"]
[SourceQuality "1"]

1. Nf3 d5 2. e3 c5 3. b3 Nf6 4. Bb2 e6 5. c4 Nc6 6. cxd5 exd5 7. d4 cxd4 8. Nxd4 Bb4+ 9. Bc3 Qa5 10. Qd2 Bxc3 11. Nxc3 Nxd4 12. Qxd4 0-0 13. Bd3 Bd7 14. 0-0 Rfc8 15. Rac1 Qc5 16. Qh4 Qa5 17. Qd4 Qc5 18. Qxc5 Rxc5 19. Ne2 Rac8 20. Rxc5 Rxc5 21. Nd4 Kf8 22. f3 h5 23. h4 Ke7 24. Kf2 g6 25. Ke2 Ne8 26. Kd2 Ng7 27. b4 Rc8 28. Rc1 Rxc1 29. Kxc1 Ne6 30. Nxe6 Kxe6 31. Kd2 Ke5 32. a3 b6 33. g3 Be8 34. Kc3 Bd7 35. Bf1 Ba4 36. Bg2 Bb5 37. f4+ Ke6 38. Kd4 Bc6 39. Bh3+ f5 40. Bf1 Kd6 41. Ba6 Ke6 42. Kd3 Kd6 43. Kc3 Ke7 44. b5 Bd7 45. Kd4 Ke6 46. a4 Kd6 47. Bb7 Be6 48. Ba8 Bg8 49. Bc6 Bf7 50. Bb7 Be6 51. Bc6 1/2-1/2

[Event "Vaujany op-A 8th"]
[Site "Vaujany"]
[Date "2017.07.14"]
[Round "2.13"]
[White "Collas, Didier"]
[Black "Decrop, Benjamin"]
[Result "1/2-1/2"]
[WhiteElo "2376"]
[BlackElo "2177"]
[PlyCount "68"]
[EventDate "2017.07.13"]
[EventType "swiss"]
[EventRounds "9"]
[EventCountry "FRA"]
[SourceTitle "EXT 2020"]
[Source "ChessBase"]
[SourceDate "2019.10.17"]
[SourceVersion "1"]
[SourceVersionDate "2019.10.17"]
[SourceQuality "1"]

1. e4 c5 2. Nf3 e6 3. d4 cxd4 4. Nxd4 Nc6 5. Nc3 Qc7 6. Be3 a6 7. Qf3 Bd6 8. 0-0-0 Be5 9. g3 Nge7 10. Qe2 0-0 11. f4 Bxd4 12. Bxd4 Nxd4 13. Rxd4 e5 14. fxe5 Nc6 15. Rd6 Nxe5 16. Qd2 Re8 17. Be2 b5 18. a3 Bb7 19. Rd1 Bc6 20. Qd4 Rac8 21. Kb1 a5 22. Rd2 b4 23. axb4 axb4 24. Qxb4 Rb8 25. Qc5 Qb7 26. b3 Bxe4 27. Nxe4 Qxe4 28. Kb2 Ra8 29. Qd5 Qb4 30. Ra6 Rac8 31. Qd4 Qb7 32. Qd5 Qb4 33. Qd4 Qb7 34. Qd5 Qb4 1/2-1/2

[Event "Sitges Sunway op 3rd"]
[Site "Sitges"]
[Date "2016.12.18"]
[Round "4"]
[White "Collas, Didier"]
[Black "Garcia Martin, Marta"]
[Result "1-0"]
[WhiteElo "2399"]
[BlackElo "2184"]
[PlyCount "75"]
[EventDate "2016.12.16"]
[EventType "swiss"]
[EventRounds "9"]
[EventCountry "ESP"]
[SourceTitle "CBM 176 Extra"]
[Source "ChessBase"]
[SourceDate "2017.03.02"]
[SourceVersion "1"]
[SourceVersionDate "2017.03.02"]
[SourceQuality "1"]

1. e4 c5 2. Nf3 e6 3. d4 cxd4 4. Nxd4 Nc6 5. Nc3 Qc7 6. Be3 a6 7. Qd2 Nf6 8. 0-0-0 Be7 9. f3 b5 10. Nxc6 dxc6 11. g4 e5 12. h4 0-0 13. Qf2 Rd8 14. Bd3 Rb8 15. h5 Ne8 16. g5 Be6 17. g6 h6 18. gxf7+ Bxf7 19. Rdg1 Rd6 20. Qd2 Kh7 21. f4 Rf6 22. Kb1 Bd6 23. f5 Qa5 24. a3 Qc7 25. Nd1 Bg8 26. Rg6 Qf7 27. Nc3 b4 28. axb4 Bxb4 29. Kc1 Qb7 30. Qg2 Bf7 31. Nd1 Bf8 32. Qe2 Qb4 33. b3 Qa3+ 34. Kd2 Bb4+ 35. c3 Qa2+ 36. Ke1 Qxe2+ 37. Kxe2 Bf8 38. b4 1-0

[Event "FRA-ch Accession"]
[Site "Saint Quentin"]
[Date "2015.08.14"]
[Round "6"]
[White "Collas, Didier"]
[Black "Jolly, Jean Francois"]
[Result "1/2-1/2"]
[WhiteElo "2379"]
[BlackElo "2345"]
[PlyCount "111"]
[EventDate "2015.08.09"]
[EventType "swiss"]
[EventRounds "11"]
[EventCountry "FRA"]
[SourceTitle "EXT 2016"]
[Source "ChessBase"]
[SourceDate "2015.10.08"]
[SourceVersion "1"]
[SourceVersionDate "2015.10.08"]
[SourceQuality "1"]

1. Nf3 d5 2. d4 Nf6 3. c4 e6 4. g3 Be7 5. Bg2 0-0 6. 0-0 dxc4 7. Qc2 a6 8. a4 Bd7 9. Qxc4 Bc6 10. Bg5 Bd5 11. Qd3 c5 12. Nc3 Bc6 13. Rfd1 cxd4 14. Nxd4 Bxg2 15. Kxg2 h6 16. Bxf6 Bxf6 17. Ne4 Qd5 18. f3 Be7 19. Rac1 Rd8 20. Qe3 Nd7 21. Nc6 bxc6 22. Rxd5 cxd5 23. Nf2 Bf6 24. Nd3 Rdb8 25. Rc7 Nb6 26. Ne5 Nc4 27. Nxc4 dxc4 28. Qe4 Bxb2 29. Qxc4 a5 30. Qc6 Ba3 31. f4 Rd8 32. h4 Bd6 33. Rd7 Bb4 34. h5 Rac8 35. Qb7 Rb8 36. Qc7 Rdc8 37. Qa7 Ra8 38. Qd4 Rab8 39. g4 Bc5 40. Qd3 Bf8 41. Qa6 Rc2 42. Kf3 Rb3+ 43. Rd3 Rxd3+ 44. Qxd3 Rc5 45. Qd8 e5 46. f5 e4+ 47. Kf4 f6 48. Qe8 Re5 49. Qc8 e3 50. Kf3 Kf7 51. Qc4+ Ke8 52. Qg8 Ke7 53. Qc4 Ke8 54. Qg8 Ke7 55. Qh7 Kf7 56. Qg6+ 1/2-1/2

[Event "FRA-ch Accession"]
[Site "Nimes"]
[Date "2014.08.24"]
[Round "7"]
[White "Gervasio, Ricardo"]
[Black "Collas, Didier"]
[Result "0-1"]
[WhiteElo "2239"]
[BlackElo "2362"]
[PlyCount "96"]
[EventDate "2014.08.17"]
[EventType "swiss"]
[EventRounds "11"]
[EventCountry "FRA"]
[SourceTitle "CBM 162 Extra"]
[Source "ChessBase"]
[SourceDate "2014.10.17"]
[SourceVersion "1"]
[SourceVersionDate "2014.10.17"]
[SourceQuality "1"]

1. d4 Nf6 2. c4 g6 3. Nc3 Bg7 4. e4 d6 5. f4 0-0 6. Nf3 c5 7. d5 e6 8. Be2 exd5 9. cxd5 Re8 10. e5 dxe5 11. fxe5 Ng4 12. e6 fxe6 13. d6 Nc6 14. 0-0 c4 15. Bxc4 Bd7 16. Ne4 Rc8 17. Bg5 Qb6+ 18. Kh1 Ne3 19. Bxe3 Qxe3 20. Re1 Qb6 21. Neg5 Nd4 22. b3 Qxd6 23. Nxd4 Bxd4 24. Qf3 Qe7 25. Rad1 Qxg5 26. Rxd4 Bc6 27. Qe2 Rcd8 28. Rg4 Qf6 29. h4 Rd4 30. h5 Rxg4 31. Qxg4 Kg7 32. Kg1 a5 33. hxg6 Qxg6 34. Qxg6+ hxg6 35. Rxe6 Rxe6 36. Bxe6 Kf6 37. Bg8 Ke5 38. Kf2 Kd4 39. g3 b5 40. Ke2 Kc3 41. Ke3 b4 42. Kf4 Kb2 43. Bf7 Kxa2 44. g4 Bb5 45. g5 Bd3 46. Ke5 Ka3 47. Kf6 a4 48. bxa4 Kxa4 0-1

[Event "Kesarovski Georgiev Memorial-A 12th"]
[Site "Sunny Beach"]
[Date "2013.09.04"]
[Round "5"]
[White "Griffiths, Ryan Rhys"]
[Black "Collas, Didier"]
[Result "1-0"]
[WhiteElo "2388"]
[BlackElo "2396"]
[PlyCount "75"]
[EventDate "2013.08.31"]
[EventType "swiss"]
[EventRounds "9"]
[EventCountry "BUL"]
[SourceTitle "CBM 156 Extra"]
[Source "ChessBase"]
[SourceDate "2013.10.22"]
[SourceVersion "1"]
[SourceVersionDate "2013.10.22"]
[SourceQuality "1"]

1. d4 Nf6 2. c4 g6 3. Nc3 Bg7 4. e4 d6 5. h3 0-0 6. Bg5 c5 7. d5 e6 8. Nf3 exd5 9. exd5 Re8+ 10. Be2 h6 11. Be3 Bf5 12. g4 Bd7 13. Qd2 Ne4 14. Nxe4 Rxe4 15. Bd3 Re8 16. Rb1 Qf6 17. Be2 Na6 18. 0-0 Rab8 19. a3 b5 20. Qa5 Rb6 21. cxb5 Reb8 22. bxa6 Rxb2 23. Rxb2 Rxb2 24. Qe1 Bb5 25. Nd2 Qh4 26. Kg2 h5 27. Nf3 Qd8 28. Bxb5 Rxb5 29. Bg5 Qa8 30. Qe4 hxg4 31. hxg4 Ra5 32. Re1 Rxa6 33. Qe8+ Qxe8 34. Rxe8+ Kh7 35. Be7 Rxa3 36. Ng5+ Kh6 37. Nxf7+ Kh7 38. Bxd6 1-0

[Event "Kesarovski Georgiev Memorial-A 12th"]
[Site "Sunny Beach"]
[Date "2013.09.01"]
[Round "2"]
[White "Collas, Didier"]
[Black "Hadzimanolis, Antonios"]
[Result "1/2-1/2"]
[WhiteElo "2396"]
[BlackElo "2304"]
[PlyCount "41"]
[EventDate "2013.08.31"]
[EventType "swiss"]
[EventRounds "9"]
[EventCountry "BUL"]
[SourceTitle "CBM 156 Extra"]
[Source "ChessBase"]
[SourceDate "2013.10.22"]
[SourceVersion "1"]
[SourceVersionDate "2013.10.22"]
[SourceQuality "1"]

1. Nf3 Nf6 2. c4 c5 3. d4 cxd4 4. Nxd4 e5 5. Nb5 d5 6. cxd5 Bc5 7. N5c3 0-0 8. h3 e4 9. e3 Nbd7 10. a3 Re8 11. Nd2 Nb6 12. Bc4 Bf5 13. b4 Bf8 14. Bb2 a5 15. bxa5 Rxa5 16. 0-0 Nxc4 17. Nxc4 Rc5 18. Qd4 b5 19. Ne5 Qd6 20. Nc6 Nxd5 21. Rfd1 1/2-1/2

[Event "Kesarovski Georgiev Memorial-A 12th"]
[Site "Sunny Beach"]
[Date "2013.08.31"]
[Round "1"]
[White "Petkov, Vladimir"]
[Black "Collas, Didier"]
[Result "1-0"]
[WhiteElo "2552"]
[BlackElo "2396"]
[PlyCount "51"]
[EventDate "2013.08.31"]
[EventType "swiss"]
[EventRounds "9"]
[EventCountry "BUL"]
[SourceTitle "CBM 156 Extra"]
[Source "ChessBase"]
[SourceDate "2013.10.22"]
[SourceVersion "1"]
[SourceVersionDate "2013.10.22"]
[SourceQuality "1"]

1. d4 d5 2. c4 e6 3. Nf3 Nf6 4. g3 dxc4 5. Bg2 Nc6 6. 0-0 Rb8 7. a4 Na5 8. Nbd2 c5 9. Qc2 cxd4 10. Nxc4 Bd7 11. Nxa5 Qxa5 12. Nxd4 Rc8 13. Qd3 Nd5 14. Bd2 Nb4 15. Qe4 Bc6 16. Nxc6 bxc6 17. Rac1 Qxa4 18. Qe5 c5 19. Ra1 Qd7 20. Bxb4 cxb4 21. Rfd1 Qc7 22. Qb5+ Ke7 23. Qg5+ f6 24. Qe3 a5 25. Rac1 Qb8 26. Bh3 1-0

[Event "Naujac op"]
[Site "Naujac"]
[Date "2013.07.02"]
[Round "3"]
[White "Collas, Didier"]
[Black "L'Hospital, Philippe"]
[Result "1-0"]
[WhiteElo "2393"]
[BlackElo "1912"]
[PlyCount "61"]
[EventDate "2013.06.30"]
[EventType "swiss"]
[EventRounds "9"]
[EventCountry "FRA"]
[SourceTitle "CBM 155 Extra"]
[Source "ChessBase"]
[SourceDate "2013.08.26"]
[SourceVersion "1"]
[SourceVersionDate "2013.08.26"]
[SourceQuality "1"]

1. e4 d6 2. d4 Nf6 3. Nc3 Nbd7 4. g4 h6 5. h3 e5 6. Nge2 c6 7. a4 Qa5 8. Bg2 b5 9. b4 Qxb4 10. axb5 cxb5 11. Rb1 Qa5 12. Rxb5 Qc7 13. 0-0 Be7 14. Rb3 a6 15. Ng3 Rb8 16. Qd3 0-0 17. Nf5 Re8 18. Nxe7+ Rxe7 19. Ba3 Rxb3 20. cxb3 Re8 21. Rc1 Qb6 22. Na4 Qb8 23. Rc6 exd4 24. Rxd6 Ne5 25. Qd1 Be6 26. Nb6 d3 27. f4 Ned7 28. Nxd7 Nxd7 29. Qxd3 Qa7+ 30. Qd4 Qb7 31. f5 1-0

[Event "FRA-chT Top 12"]
[Site "Haguenau"]
[Date "2013.06.09"]
[Round "11.7"]
[White "Collas, Didier"]
[Black "Robert, Frederic"]
[Result "1/2-1/2"]
[WhiteElo "2394"]
[BlackElo "2120"]
[PlyCount "70"]
[EventDate "2013.05.30"]
[EventType "team-tourn"]
[EventRounds "11"]
[EventCountry "FRA"]
[SourceTitle "CBM 154 Extra"]
[Source "ChessBase"]
[SourceDate "2013.06.25"]
[SourceVersion "2"]
[SourceVersionDate "2013.06.25"]
[SourceQuality "1"]
[WhiteTeam "Marseille Echecs"]
[BlackTeam "Migne Echecs"]
[WhiteTeamCountry "FRA"]
[BlackTeamCountry "FRA"]

1. d4 e6 2. Nf3 f5 3. g3 Nf6 4. Bg2 Be7 5. 0-0 0-0 6. c4 d6 7. Nc3 Qe8 8. Re1 Qg6 9. e4 Nxe4 10. Nxe4 fxe4 11. Rxe4 Nd7 12. Qe2 Nb6 13. b3 Bf6 14. Bb2 Bd7 15. Re1 a5 16. Bh3 a4 17. Bc3 axb3 18. axb3 Ra3 19. Qb2 Rfa8 20. Bxe6+ Bxe6 21. Rxe6 Ra2 22. Qb1 Qc2 23. Qxc2 Rxc2 24. R1e3 Kf7 25. Bb4 Raa2 26. Be1 Rab2 27. g4 h6 28. h4 g5 29. hxg5 hxg5 30. Kg2 Nd7 31. Kg3 Rb1 32. Bd2 Rbb2 33. Be1 Rb1 34. Bd2 Rbb2 35. Be1 Rb1 1/2-1/2

[Event "FRA-chT Top 12"]
[Site "Haguenau"]
[Date "2013.06.04"]
[Round "6.7"]
[White "Taddei, Benoit"]
[Black "Collas, Didier"]
[Result "1/2-1/2"]
[WhiteElo "2374"]
[BlackElo "2394"]
[PlyCount "112"]
[EventDate "2013.05.30"]
[EventType "team-tourn"]
[EventRounds "11"]
[EventCountry "FRA"]
[SourceTitle "CBM 154 Extra"]
[Source "ChessBase"]
[SourceDate "2013.06.25"]
[SourceVersion "2"]
[SourceVersionDate "2013.06.25"]
[SourceQuality "1"]
[WhiteTeam "Metz Fischer"]
[BlackTeam "Marseille Echecs"]
[WhiteTeamCountry "FRA"]
[BlackTeamCountry "FRA"]

1. e4 e5 2. Nf3 Nc6 3. Bb5 f5 4. Bxc6 dxc6 5. Nc3 Nf6 6. Qe2 Bd6 7. d4 Qe7 8. dxe5 Bxe5 9. Nxe5 Qxe5 10. exf5 Qxe2+ 11. Nxe2 Bxf5 12. Nd4 Bd7 13. 0-0 0-0-0 14. Bg5 c5 15. Ne2 Bf5 16. c3 h6 17. Be3 b6 18. Ng3 Bg6 19. Rad1 Ne4 20. Rxd8+ Rxd8 21. Nxe4 Bxe4 22. f3 Bd5 23. a3 Bc4 24. Re1 Re8 25. Kf2 h5 26. h4 Bd3 27. Bf4 Rxe1 28. Kxe1 g6 29. Kf2 Kd7 30. Ke3 Bf1 31. g3 c6 32. Bb8 a5 33. Kf4 Ke6 34. Bc7 b5 35. Bxa5 c4 36. Bb6 Be2 37. Bc5 Bd1 38. Bd4 Be2 39. Be3 Bd1 40. Bf2 Be2 41. g4 hxg4 42. fxg4 Bd3 43. Ke3 Bc2 44. Kd4 Bd1 45. Kc5 Kd7 46. g5 Bc2 47. Bg3 Bd1 48. Be5 Bc2 49. Bf6 Bd1 50. b3 Bxb3 51. Bd4 Bd1 52. Bf6 Bf3 53. Bd4 Ke6 54. Kb4 Kd5 55. Bf2 Bd1 56. Bd4 Bc2 1/2-1/2

[Event "FRA-chT Top 12"]
[Site "Haguenau"]
[Date "2013.06.02"]
[Round "4.7"]
[White "Le Corre, Benjamin"]
[Black "Collas, Didier"]
[Result "0-1"]
[WhiteElo "2300"]
[BlackElo "2394"]
[PlyCount "74"]
[EventDate "2013.05.30"]
[EventType "team-tourn"]
[EventRounds "11"]
[EventCountry "FRA"]
[SourceTitle "CBM 154 Extra"]
[Source "ChessBase"]
[SourceDate "2013.06.25"]
[SourceVersion "2"]
[SourceVersionDate "2013.06.25"]
[SourceQuality "1"]
[WhiteTeam "Vandoeuvre"]
[BlackTeam "Marseille Echecs"]
[WhiteTeamCountry "FRA"]
[BlackTeamCountry "FRA"]

1. e4 e5 2. Nf3 Nc6 3. Bb5 a6 4. Ba4 Nf6 5. 0-0 Be7 6. Re1 b5 7. Bb3 0-0 8. a4 b4 9. d3 d6 10. c3 bxc3 11. bxc3 Na5 12. Ba2 c5 13. Na3 Be6 14. Qc2 c4 15. Nxc4 Nxc4 16. Bxc4 Bxc4 17. dxc4 Qc7 18. Ba3 Rfc8 19. Nd2 Nd7 20. Qd3 a5 21. Rab1 Nb6 22. c5 dxc5 23. Nc4 Rd8 24. Qe2 Rab8 25. Nxb6 Rxb6 26. Rb5 Rxb5 27. axb5 a4 28. Rb1 Qa5 29. Qc4 Rb8 30. g3 g6 31. Kg2 Rb7 32. Bxc5 Qc7 33. Qxa4 Bxc5 34. Rd1 Kg7 35. Rd5 Qb6 36. f3 Qxb5 37. Qxb5 Rxb5 0-1

[Event "Cappelle op 29th"]
[Site "Cappelle la Grande"]
[Date "2013.03.02"]
[Round "9"]
[White "Ambartsumova, Karina"]
[Black "Collas, Didier"]
[Result "1/2-1/2"]
[WhiteElo "2294"]
[BlackElo "2404"]
[PlyCount "39"]
[EventDate "2013.02.23"]
[EventType "swiss"]
[EventRounds "9"]
[EventCountry "FRA"]
[SourceTitle "CBM 153 Extra"]
[Source "ChessBase"]
[SourceDate "2013.04.22"]
[SourceVersion "1"]
[SourceVersionDate "2013.04.22"]
[SourceQuality "1"]

1. e4 e5 2. Nf3 Nc6 3. Bb5 Nf6 4. 0-0 Nxe4 5. Re1 Nd6 6. Nxe5 Be7 7. Bf1 Nxe5 8. Rxe5 0-0 9. d4 Bf6 10. Re1 Nf5 11. d5 d6 12. Nd2 g6 13. Ne4 Bg7 14. Bg5 f6 15. Bf4 Nh6 16. c4 Nf7 17. Rc1 f5 18. Nc3 g5 19. Be3 f4 20. Bd4 1/2-1/2

[Event "Cappelle op 29th"]
[Site "Cappelle la Grande"]
[Date "2013.02.25"]
[Round "3"]
[White "Fayard, Alain"]
[Black "Collas, Didier"]
[Result "1-0"]
[WhiteElo "2238"]
[BlackElo "2404"]
[PlyCount "27"]
[EventDate "2013.02.23"]
[EventType "swiss"]
[EventRounds "9"]
[EventCountry "FRA"]
[SourceTitle "CBM 153 Extra"]
[Source "ChessBase"]
[SourceDate "2013.04.22"]
[SourceVersion "1"]
[SourceVersionDate "2013.04.22"]
[SourceQuality "1"]

1. d4 d5 2. Bg5 h6 3. Bh4 c6 4. e3 Qb6 5. Qc1 e5 6. Nf3 exd4 7. exd4 Ne7 8. Bd3 Nf5 9. 0-0 Nxd4 10. Re1+ Ne6 11. Ne5 Bd6 12. Ng4 Qd4 13. Bf5 h5 14. Qg5 1-0

[Event "Cappelle op 29th"]
[Site "Cappelle la Grande"]
[Date "2013.02.24"]
[Round "2"]
[White "Collas, Didier"]
[Black "Ionica, Iulia Ionela"]
[Result "1/2-1/2"]
[WhiteElo "2404"]
[BlackElo "2214"]
[PlyCount "83"]
[EventDate "2013.02.23"]
[EventType "swiss"]
[EventRounds "9"]
[EventCountry "FRA"]
[SourceTitle "CBM 153 Extra"]
[Source "ChessBase"]
[SourceDate "2013.04.22"]
[SourceVersion "1"]
[SourceVersionDate "2013.04.22"]
[SourceQuality "1"]

1. d4 Nf6 2. Nf3 g6 3. Nbd2 Bg7 4. e4 d6 5. Bc4 0-0 6. 0-0 c6 7. Bb3 Qc7 8. Re1 e5 9. Nc4 Ne8 10. c3 b5 11. Ne3 a5 12. a4 b4 13. dxe5 dxe5 14. cxb4 axb4 15. Qc2 Na6 16. Bd2 Kh8 17. Rec1 Bb7 18. a5 Nd6 19. Nc4 Nb5 20. Nb6 Rad8 21. Ba4 Nd4 22. Nxd4 exd4 23. Qd3 f5 24. exf5 Rxf5 25. Bxc6 Nc5 26. Bxb7 Qxb7 27. Rxc5 Rxc5 28. Bxb4 Rg5 29. f3 Re5 30. Re1 Rde8 31. Rxe5 Rxe5 32. Bd2 Re6 33. b4 Qe7 34. Kf1 Qh4 35. Qc4 Re8 36. Qc6 Rf8 37. Qd6 Qh5 38. Nd5 Qf5 39. Nc7 Be5 40. Qe7 Bxc7 41. Bh6 Qb1+ 42. Kf2 1/2-1/2

[Event "Saint Affrique op 20th"]
[Site "Saint Affrique"]
[Date "2012.07.23"]
[Round "4"]
[White "Miellet Bensan, Yves"]
[Black "Collas, Didier"]
[Result "0-1"]
[WhiteElo "2218"]
[BlackElo "2426"]
[PlyCount "110"]
[EventDate "2012.07.21"]
[EventType "swiss"]
[EventRounds "9"]
[EventCountry "FRA"]
[SourceTitle "CBM 149 Extra"]
[Source "ChessBase"]
[SourceDate "2012.08.24"]
[SourceVersion "1"]
[SourceVersionDate "2012.08.24"]
[SourceQuality "1"]

1. e4 d5 2. exd5 Qxd5 3. Nc3 Qa5 4. d4 Nf6 5. Nf3 c6 6. Be2 Bf5 7. 0-0 e6 8. Ne5 Bb4 9. Bd2 Nbd7 10. a3 Bxc3 11. Bxc3 Qc7 12. Nxd7 Qxd7 13. b3 0-0 14. Bb2 b5 15. Bf3 Be4 16. Re1 Qd5 17. Bxe4 Nxe4 18. Qe2 Nd6 19. Qd3 Qf5 20. Qd2 Ne4 21. Qe2 Nf6 22. Qd2 Rfd8 23. Qe2 a5 24. Rac1 a4 25. Qe5 Qxe5 26. Rxe5 Nd7 27. Rg5 f6 28. Rg3 Kf7 29. c4 Ra7 30. cxb5 cxb5 31. Rc6 Rb7 32. h4 Nb6 33. Re3 Nd5 34. Rf3 Rdd7 35. Kf1 Rdc7 36. Rc5 Rxc5 37. dxc5 axb3 38. Rxb3 Ke7 39. Bc3 Kd7 40. Bb4 Kc6 41. Ke1 Rd7 42. g3 e5 43. Ke2 Nc7 44. h5 Rd4 45. Rd3 Ne6 46. Rxd4 Nxd4+ 47. Ke3 Kd5 48. g4 g6 49. hxg6 hxg6 50. f4 exf4+ 51. Kxf4 Ne6+ 52. Ke3 Nxc5 53. Bc3 Nd7 54. Kf4 Ke6 55. Bb4 Ne5 0-1

[Event "Naujac op 15th"]
[Site "Naujac"]
[Date "2012.06.27"]
[Round "5"]
[White "Collas, Didier"]
[Black "Thalwitzer, David"]
[Result "1-0"]
[WhiteElo "2418"]
[BlackElo "2174"]
[PlyCount "57"]
[EventDate "2012.06.24"]
[EventType "swiss"]
[EventRounds "9"]
[EventCountry "FRA"]
[SourceTitle "CBM 149 Extra"]
[Source "ChessBase"]
[SourceDate "2012.08.24"]
[SourceVersion "1"]
[SourceVersionDate "2012.08.24"]
[SourceQuality "1"]

1. c4 g6 2. e4 c5 3. Nf3 d6 4. d4 cxd4 5. Nxd4 Nc6 6. Nc3 Bg7 7. Be3 Nf6 8. Be2 0-0 9. 0-0 Bd7 10. Qd2 Rc8 11. f3 a6 12. Rfc1 Nxd4 13. Bxd4 Be6 14. b3 h5 15. Rab1 Kh7 16. Be3 Nd7 17. Bf1 Ne5 18. Nd5 Bxd5 19. exd5 f5 20. Re1 Rf7 21. h3 b5 22. cxb5 axb5 23. Bxb5 Nxf3+ 24. gxf3 Bc3 25. Qe2 f4 26. Bf2 Bxe1 27. Rxe1 Rc3 28. Bd4 Rc8 29. Qe6 1-0

[Event "Naujac op 15th"]
[Site "Naujac"]
[Date "2012.06.26"]
[Round "4"]
[White "Capitaine, Adrien"]
[Black "Collas, Didier"]
[Result "0-1"]
[WhiteElo "2106"]
[BlackElo "2418"]
[PlyCount "80"]
[EventDate "2012.06.24"]
[EventType "swiss"]
[EventRounds "9"]
[EventCountry "FRA"]
[SourceTitle "CBM 149 Extra"]
[Source "ChessBase"]
[SourceDate "2012.08.24"]
[SourceVersion "1"]
[SourceVersionDate "2012.08.24"]
[SourceQuality "1"]

1. e4 c5 2. Nc3 Nc6 3. f4 e6 4. Bc4 Nge7 5. e5 d5 6. Be2 g5 7. fxg5 h6 8. d3 Nxe5 9. gxh6 N7c6 10. Bf4 Bxh6 11. Qd2 Nd4 12. 0-0-0 Qh4 13. Rf1 Bd7 14. g3 Bxf4 15. Qxf4 Qxf4+ 16. Rxf4 Bc6 17. Bf1 f5 18. h3 Ng4 19. Bg2 Ne3 20. Rh2 Ke7 21. Bh1 Rag8 22. Nce2 Nexc2 23. a3 a5 24. Rff2 Kd6 25. Kd2 Rg7 26. Rf1 Rhg8 27. h4 Nxe2 28. Nxe2 Nd4 29. Nxd4 cxd4 30. Rg1 e5 31. Rh3 e4 32. h5 Ke5 33. h6 Rh7 34. Bg2 Rg6 35. Rgh1 Ba4 36. b4 Rc6 37. Rc1 Rcxh6 38. Rxh6 Rxh6 39. bxa5 Rh2 40. Rg1 Bb5 0-1